000
00249nam a2200097Ia 4500
082
_a
THO
245
0
_a
ROPESPINNER CONSPIRACY
100
_a
THOMAS, MICHAEL M. London, 1987
_9
38037
942
_c
BK
008
210817s9999 xx 000 0 und d
999
_c
135565
_d
135564